000 01256cam a22002771i 4500
003 SA-RiAUC
005 20250723072131.0
008 250722s1995 su a g 000r0bara c
040 _aSA-JeALM
_bara
_cSA-RiAUC
_erda
043 _aa-su---
082 0 4 _a928.1
_qSA-RiAUC
090 _a928.1
_bج ف ر
100 1 _aالجفري، محمد علي حسن
_eمؤلف.
245 1 2 _aالأديب المكي أحمد محمد جمال /
_cمحمد علي حسن الجفري.
264 1 _aجدة، السعودية ؛
_aالرياض ؛
_aالدمام، السعودية :
_bمؤسسة عكاظ،
_c1995
300 _a195 صفحة :
_c22 سم.
336 _aنص
_btxt
_2rdacontent
_3كتاب
337 _aبدون وسيط
_bn
_2rdamedia
338 _aمجلد
_bnc
_2rdacarrier
500 _aاهداء من المؤلف محمد علي الجفري الى الشيخ رحمه الله بتاريخ 7 / 11 / 1415 هـ
600 1 7 _aجمال، أحمد محمد صالح،
_d1343-1413 هجري
_2aucnm
650 7 _aالأدباء العرب
_zالسعودية
_vتراجم
_2aucsh
650 7 _aالأدب العربي
_zالسعودية
_xتاريخ ونقد
_yقرن 14 هجري.
_2aucsh
942 _2ddc
_cBOOK
_n0
949 _aSA-JeALM
_d250722
_uosman123
_n1
999 _c10233
_d10233